Framework 3 Kennenlernen. Ausprobieren. Beherrschen. Nachschlagen

Gespeichert in:
Bibliographische Detailangaben
1. Verfasser: Kolberg, Michael
Format: Buch
Sprache:Deutsch
Veröffentlicht: Haar bei München Markt and Technik 1989
Ausgabe:1. Aufl.
Tags: Tag hinzufügen
Keine Tags, Fügen Sie das erste Tag hinzu!

MARC

LEADER 00000nam a2200000 4500
001 c032362
005 20221215124414.1
041 0 |a ger 
044 |a DE 
245 1 0 |a Framework 3  |b Kennenlernen. Ausprobieren. Beherrschen. Nachschlagen  |c Michael Kolberg 
250 |a 1. Aufl. 
264 1 |a Haar bei München  |b Markt and Technik  |c 1989 
300 |a 467 s. 
100 1 |a Kolberg, Michael